[Event "Valencia Autonomico Center-B"]
[Site "Valencia"]
[Date "2009.01.17"]
[Round "2.4"]
[White "Navarro Ferrer, Rafael"]
[Black "Navarro Mora, Jesualdo"]
[Result "0-1"]
[WhiteElo "1814"]
[BlackElo "2018"]
[PlyCount "101"]
[EventDate "2009.01.10"]
[EventType "team-tourn"]
[EventRounds "5"]
[EventCountry "ESP"]
[SourceTitle "EXT 2011"]
[Source "ChessBase"]
[SourceDate "2010.11.26"]
[SourceVersion "1"]
[SourceVersionDate "2010.11.26"]
[SourceQuality "1"]

1. e4 c6 2. d4 d5 3. e5 Bf5 4. Nf3 e6 5. Be2 c5 6. c3 Nc6 7. 0-0 cxd4 8. cxd4 a6 9. Nc3 Bb4 10. h3 Nge7 11. Nh4 0-0 12. Bg5 Qa5 13. g4 Bg6 14. f4 Bxc3 15. bxc3 Be4 16. Qb3 h6 17. Bxe7 Nxe7 18. f5 Rac8 19. Rac1 Rc7 20. c4 Qd2 21. Qd1 Qg5 22. Ng2 Bxg2 23. Kxg2 exf5 24. c5 fxg4 25. hxg4 Ng6 26. Rc2 Nf4+ 27. Kf2 Nxe2 28. Qxe2 Qf4+ 29. Kg2 Qxd4 30. Rd1 Qe4+ 31. Qxe4 dxe4 32. Re1 Rfc8 33. Rec1 Re8 34. c6 Rxe5 35. cxb7 Rxb7 36. Rc8+ Kh7 37. R1c2 Rg5 38. Kh3 Rd7 39. Re8 Rd3+ 40. Kh4 Rgd5 41. g5 hxg5+ 42. Kg4 f5+ 43. Kxg5 Rg3+ 44. Kh4 Rg4+ 45. Kh3 Rd3+ 46. Kh2 e3 47. Re7 f4 48. Kh3 Rg3+ 49. Kh4 Rd6 50. Re5 Rh6+ 51. Rh5 0-1

[Event "Aragon-ch Primera"]
[Site "Spain"]
[Date "2009.??.??"]
[Round "2"]
[White "Iglesias Fernandez, Luis"]
[Black "Navarro Ferrer, Rafael"]
[Result "1-0"]
[WhiteElo "1767"]
[BlackElo "1644"]
[PlyCount "89"]
[EventDate "2009.??.??"]
[EventType "swiss"]
[EventRounds "9"]
[EventCountry "ESP"]
[SourceTitle "EXT 2013"]
[Source "ChessBase"]
[SourceDate "2012.11.22"]
[SourceVersion "1"]
[SourceVersionDate "2012.11.22"]
[SourceQuality "1"]

1. e4 c5 2. Nf3 a6 3. c3 d5 4. e5 Nc6 5. d4 c4 6. g3 Bg4 7. Bg2 e6 8. 0-0 g6 9. h3 Bxf3 10. Qxf3 Nge7 11. Bg5 h6 12. Bf6 Rh7 13. Nd2 Bg7 14. Rab1 Bxf6 15. Qxf6 Nf5 16. Qxd8+ Rxd8 17. b3 cxb3 18. Nxb3 b6 19. Nc1 Rb8 20. Nd3 Kd7 21. Nb4 Nxb4 22. Rxb4 Rhh8 23. Rfb1 Kc7 24. g4 Ne7 25. Bf1 Nc6 26. R4b2 b5 27. f4 Na5 28. f5 gxf5 29. gxf5 Rhg8+ 30. Rg2 Rxg2+ 31. Kxg2 Rg8+ 32. Kh2 exf5 33. Bd3 Nc4 34. Bxc4 bxc4 35. Rf1 Rg5 36. h4 Rh5 37. Kg3 Kd7 38. Rb1 Kc7 39. Rb4 Kc6 40. Rb8 Kd7 41. a4 Ke6 42. Rb6+ Ke7 43. Rxa6 f4+ 44. Kg4 Rxh4+ 45. Kxh4 1-0

[Event "Aragon-ch Primera"]
[Site "Spain"]
[Date "2009.??.??"]
[Round "7"]
[White "Lorente Aguar, Ruben"]
[Black "Navarro Ferrer, Rafael"]
[Result "0-1"]
[WhiteElo "1787"]
[BlackElo "1644"]
[PlyCount "88"]
[EventDate "2009.??.??"]
[EventType "swiss"]
[EventRounds "9"]
[EventCountry "ESP"]
[SourceTitle "EXT 2013"]
[Source "ChessBase"]
[SourceDate "2012.11.22"]
[SourceVersion "1"]
[SourceVersionDate "2012.11.22"]
[SourceQuality "1"]

1. e4 c5 2. Nf3 a6 3. d4 cxd4 4. Nxd4 Nf6 5. Nc3 e5 6. Nb3 Bb4 7. Bg5 b5 8. g3 Bb7 9. Bg2 Qb6 10. Qd3 Qc6 11. a3 Bxc3+ 12. bxc3 a5 13. Bxf6 gxf6 14. 0-0 a4 15. Nd2 Ba6 16. Rfd1 b4 17. c4 bxa3 18. Rxa3 Ke7 19. Qd5 Bb7 20. Rda1 Rc8 21. Qxc6 Bxc6 22. Nb1 Na6 23. Nc3 Nc5 24. Nd5+ Bxd5 25. exd5 Ra7 26. Re1 Rb8 27. h4 d6 28. f4 Rab7 29. Kh2 Rb2 30. Re2 R8b4 31. fxe5 fxe5 32. Rf2 Rxc4 33. Raf3 Rcxc2 34. Rxf7+ Kd8 35. Rxc2 Rxc2 36. Rxh7 e4 37. Rh8+ Ke7 38. Rh7+ Kf8 39. Kh3 e3 40. Bf3 e2 41. Bxe2 Rxe2 42. h5 a3 43. Ra7 a2 44. h6 Kg8 0-1

[Event "Aragon-ch Primera"]
[Site "Spain"]
[Date "2009.??.??"]
[Round "9"]
[White "Marco Bernad, Eduardo"]
[Black "Navarro Ferrer, Rafael"]
[Result "1-0"]
[WhiteElo "1671"]
[BlackElo "1644"]
[PlyCount "37"]
[EventDate "2009.??.??"]
[EventType "swiss"]
[EventRounds "9"]
[EventCountry "ESP"]
[SourceTitle "EXT 2013"]
[Source "ChessBase"]
[SourceDate "2012.11.22"]
[SourceVersion "1"]
[SourceVersionDate "2012.11.22"]
[SourceQuality "1"]

1. d4 Nf6 2. e3 d5 3. Nd2 Nc6 4. f4 Bf5 5. Bd3 Qd7 6. Ngf3 Nb4 7. Ne5 Nxd3+ 8. cxd3 Qe6 9. 0-0 Ng4 10. e4 dxe4 11. dxe4 Qb6 12. Qa4+ c6 13. exf5 Ne3 14. Ndc4 Nxc4 15. Qxc4 0-0-0 16. Nxf7 Rxd4 17. Qe6+ Kc7 18. Be3 Qxb2 19. Qe5+ 1-0

[Event "Aragon-ch Primera"]
[Site "Spain"]
[Date "2009.??.??"]
[Round "3"]
[White "Navarro Ferrer, Rafael"]
[Black "Rios, Antonio"]
[Result "1-0"]
[WhiteElo "1644"]
[BlackElo "1713"]
[PlyCount "27"]
[EventDate "2009.??.??"]
[EventType "swiss"]
[EventRounds "9"]
[EventCountry "ESP"]
[SourceTitle "EXT 2013"]
[Source "ChessBase"]
[SourceDate "2012.11.22"]
[SourceVersion "1"]
[SourceVersionDate "2012.11.22"]
[SourceQuality "1"]

1. d4 Nf6 2. Nc3 e6 3. e4 Bb4 4. Bd3 d5 5. Bg5 dxe4 6. Bxe4 h6 7. Bxf6 Qxf6 8. Nf3 c5 9. 0-0 0-0 10. Nb5 Qf4 11. Bd3 a6 12. Nc3 cxd4 13. Nxd4 Qxd4 14. Bh7+ 1-0

[Event "Aragon-ch Primera"]
[Site "Spain"]
[Date "2009.??.??"]
[Round "1"]
[White "Navarro Ferrer, Rafael"]
[Black "Valladolid Martin, Luis"]
[Result "1-0"]
[WhiteElo "1644"]
[BlackElo "1656"]
[PlyCount "87"]
[EventDate "2009.??.??"]
[EventType "swiss"]
[EventRounds "9"]
[EventCountry "ESP"]
[SourceTitle "EXT 2013"]
[Source "ChessBase"]
[SourceDate "2012.11.22"]
[SourceVersion "1"]
[SourceVersionDate "2012.11.22"]
[SourceQuality "1"]

1. d4 d5 2. e4 dxe4 3. Nc3 Bf5 4. Qe2 Nc6 5. Be3 Nf6 6. 0-0-0 e6 7. a3 Nd5 8. Qd2 Be7 9. f3 exf3 10. Nxf3 Nxe3 11. Qxe3 Bg4 12. Kb1 0-0 13. Be2 Na5 14. Rhf1 c6 15. Bd3 b5 16. h3 Bh5 17. Rf2 Nc4 18. Qe4 Bg6 19. Qxc6 Bxd3 20. Rxd3 Qa5 21. Nxb5 Nxb2 22. Kxb2 Rab8 23. Rb3 a6 24. Nd6 Rxb3+ 25. cxb3 Rd8 26. Nc4 Qf5 27. Re2 Qd3 28. Qe4 Qxe4 29. Rxe4 h6 30. Nce5 Rd5 31. b4 Bf6 32. Kb3 a5 33. Kc4 axb4 34. axb4 Bd8 35. b5 Bb6 36. Nc6 Kf8 37. Nd2 Rf5 38. Re2 g5 39. Nf3 h5 40. Nfe5 Kg7 41. Nd7 Bc7 42. b6 Bh2 43. g4 hxg4 44. Rxh2 1-0

[Event "ESP Autonomico-chT"]
[Site "Spain"]
[Date "2006.04.01"]
[Round "9.51"]
[White "Gutierrez Mingueza, Ruben"]
[Black "Navarro Ferrer, Rafael"]
[Result "1-0"]
[WhiteElo "2096"]
[BlackElo "1990"]
[PlyCount "69"]
[EventDate "2006.02.04"]
[EventType "team"]
[EventRounds "9"]
[EventCountry "ESP"]
[SourceTitle "EXT 2007"]
[Source "ChessBase"]
[SourceDate "2006.11.23"]
[SourceVersion "1"]
[SourceVersionDate "2006.11.23"]
[SourceQuality "1"]

1. d4 Nf6 2. c4 c5 3. e3 g6 4. Nf3 Bg7 5. Nc3 cxd4 6. Nxd4 0-0 7. Be2 Nc6 8. 0-0 d6 9. b3 Bd7 10. Bb2 a6 11. Rc1 Rb8 12. a4 h5 13. Qd2 Qa5 14. Rfd1 Nxd4 15. Qxd4 Bc6 16. Nd5 Bxd5 17. cxd5 Ne8 18. Bc3 Qd8 19. Qb4 Bxc3 20. Rxc3 Nf6 21. a5 Rc8 22. Rxc8 Qxc8 23. Bc4 Qc7 24. Qe1 Rc8 25. e4 Kg7 26. h3 Nd7 27. f4 Re8 28. Rd3 e6 29. dxe6 fxe6 30. Qd2 d5 31. exd5 e5 32. d6 Qd8 33. fxe5 Rxe5 34. Rd5 Qf6 35. Rd3 1-0